Сравнительный анализ инновационной активности вузов в России и за рубежом; Современные научные исследования и инновации; № 10
| Parent link: | Современные научные исследования и инновации: научно-практический журнал.— , 2011- № 10.— 2014 |
|---|---|
| Yazar: | |
| Müşterek Yazar: | |
| Özet: | Заглавие с экрана Данная статья посвящена сравнительному анализу инновационной активности российских вузов с другими странами. В результате исследования выделены основные направления государственной поддержки вузов и особенности инновационной деятельности университетов в развитых странах. Рассмотрен вклад внебюджетных источников в научную деятельность вуза. This article is devoted to a comparative analysis of innovation activity of Russian universities with other countries. The study highlighted the main directions of state support of universities and features the innovative activity of universities in developed countries. The contribution of non-budgetary sources in the scientific activities of the University. |
| Dil: | Rusça |
| Baskı/Yayın Bilgisi: |
2014
|
| Seri Bilgileri: | Экономические науки |
| Konular: | |
| Online Erişim: | http://web.snauka.ru/issues/2014/10/39552 |
| Materyal Türü: | Elektronik Kitap Bölümü |
| KOHA link: | https://koha.lib.tpu.ru/cgi-bin/koha/opac-detail.pl?biblionumber=641796 |
MARC
| LEADER | 00000naa0a2200000 4500 | ||
|---|---|---|---|
| 001 | 641796 | ||
| 005 | 20250403133547.0 | ||
| 035 | |a (RuTPU)RU\TPU\network\6713 | ||
| 090 | |a 641796 | ||
| 100 | |a 20150603d2015 k||y0rusy50 ca | ||
| 101 | 0 | |a rus | |
| 102 | |a RU | ||
| 135 | |a drcn ---uucaa | ||
| 181 | 0 | |a i | |
| 182 | 0 | |a b | |
| 200 | 1 | |a Сравнительный анализ инновационной активности вузов в России и за рубежом |d Comparative analysis of innovative activity of universities in Russia and abroad |f Т. Б. Якимова | |
| 203 | |a Текст |c электронный | ||
| 225 | 1 | |a Экономические науки | |
| 300 | |a Заглавие с экрана | ||
| 320 | |a [Библиогр.: 6 назв.] | ||
| 330 | |a Данная статья посвящена сравнительному анализу инновационной активности российских вузов с другими странами. В результате исследования выделены основные направления государственной поддержки вузов и особенности инновационной деятельности университетов в развитых странах. Рассмотрен вклад внебюджетных источников в научную деятельность вуза. | ||
| 330 | |a This article is devoted to a comparative analysis of innovation activity of Russian universities with other countries. The study highlighted the main directions of state support of universities and features the innovative activity of universities in developed countries. The contribution of non-budgetary sources in the scientific activities of the University. | ||
| 461 | |t Современные научные исследования и инновации |o научно-практический журнал |d 2011- | ||
| 463 | |t № 10 |d 2014 | ||
| 510 | 1 | |a Comparative analysis of innovative activity of universities in Russia and abroad |z eng | |
| 610 | 1 | |a электронный ресурс | |
| 610 | 1 | |a труды учёных ТПУ | |
| 610 | 1 | |a внебюджетные средства | |
| 610 | 1 | |a высшие учебные заведения | |
| 610 | 1 | |a государственная поддержка | |
| 610 | 1 | |a зарубежный опыт | |
| 610 | 1 | |a инновации | |
| 610 | 1 | |a инновационная активность | |
| 610 | 1 | |a научные исследования | |
| 610 | 1 | |a развитые страны | |
| 700 | 1 | |a Якимова |b Т. Б. |c экономист |c доцент Томского политехнического университета, кандидат экономических наук |f 1978- |g Татьяна Борисовна |3 (RuTPU)RU\TPU\pers\29933 |9 14405 | |
| 712 | 0 | 2 | |a Национальный исследовательский Томский политехнический университет (ТПУ) |b Институт социально-гуманитарных технологий (ИСГТ) |b Кафедра экономики (ЭКОН) |3 (RuTPU)RU\TPU\col\18375 |
| 801 | 2 | |a RU |b 63413507 |c 20150603 |g RCR | |
| 856 | 4 | 0 | |u http://web.snauka.ru/issues/2014/10/39552 |
| 942 | |c CF | ||